000
00356nam a22001577a 4500
003
MPLRDC
005
20220104144444.0
008
210129b ||||| |||| 00| 0 eng d
082
_a
414.6 XSB
100
_a
不详
245
_a
久病成良医
_c
260
_a
_b
台湾新生报
_c
300
_b
平
650
_a
中医药方
942
_c
BK
_o
414.6 XSB
999
_c
49785
_d
49775